000 01150nam0a22003011 4500
001 rc\2335680
005 20250623080512.0
035 _a(NLR Aleph) 006677739
090 _a5050433
_c5050433
100 _a20110829d1977 |||y0rusy50 ca
101 0 _arus
102 _aRU
105 _aa z |||||
200 1 _aФильтрация авиационных масел и специальных жидкостей
_fК.В. Рыбаков, В.П. Коваленко
210 _aМосква
_cТранспорт
_d1977
215 _a192 с.
_cил.
_d20
320 _aСписок лит.: с. 189-190 (42 назв.)
606 _aТехнические жидкости, авиационные
_xФильтрация
_2rkp
606 _aАвиационные масла
_xФильтрация
_2rkp
700 1 _aРыбаков
_bК.В.
_gКонстантин Васильевич
701 1 _aКоваленко
_bВ.П.
_gВсеволод Павлович
801 0 _aRU
_bNLR
_gpsbo
801 1 _aRU
_bELAR
_2rusmarc
852 _aNLR
_j77-5/7092
899 _aRuMoRGB
_jБ 77-31/746
899 _aRuMoRGB
_jБ 77-31/747
942 _cBOOK
980 _aNB